El cuerpo y la mística (Record no. 926)

MARC details
000 -CABECERA
campo de control de longitud fija 01112nam a2200253 a 4500
001 - NÚMERO DE CONTROL
campo de control BRCA_1047
005 - FECHA Y HORA DE LA ÚLTIMA TRANSACCIÓN
campo de control 20190320203246.0
008 - DATOS DE LONGITUD FIJA--INFORMACIÓN GENERAL
campo de control de longitud fija 100408s1990----ck-a######---#000-0#spa-#
020 ## - NÚMERO INTERNACIONAL ESTÁNDAR DEL LIBRO
Número Internacional Estándar del Libro 9583355178
041 ## - CÓDIGO DE LENGUA
Código de lengua del texto/banda sonora o título independiente spa
044 ## - CÓDIGO DEL PAÍS DE LA ENTIDAD EDITORA/PRODUCTORA
Código MARC del país ck
050 #4 - SIGNATURA TOPOGRÁFICA DE LA BIBLIOTECA DEL CONGRESO
Número de clasificación ND1293
Número de documento/Ítem .B67 1990
100 1# - ENTRADA PRINCIPAL--NOMBRE DE PERSONA
Nombre de persona Borja Gómez, Jaime Humberto
9 (RLIN) 3454
245 10 - MENCIÓN DE TÍTULO
Título El cuerpo y la mística
Mención de responsabilidad, etc. Jaime Humberto Borja Gómez.
260 ## - PUBLICACIÓN, DISTRIBUCIÓN, ETC.
Lugar de publicación, distribución, etc. Bogotá
Nombre del editor, distribuidor, etc. Ministerio de Cultura : Alcaldía Mayor de Bogotá
Fecha de publicación, distribución, etc. [1990?]
300 ## - DESCRIPCIÓN FÍSICA
Extensión 46 p.
Otras características físicas il. a color
Dimensiones 29 cm.
500 ## - NOTA GENERAL
Nota general Catálogo de la exposición El cuerpo y la mística realizada en el Museo de Arte Colonial (Bogotá) y de la exposición Las visiones de Jerónima ... realizada en el Museo Iglesia Santa Clara (Bogotá)
501 ## - NOTA DE "CON"
Nota de “Con” Con : Las visiones de Jerónima : encarnados de amor místico / María Costanza Toquica Clavijo
650 14 - PUNTO DE ACCESO ADICIONAL DE MATERIA--TÉRMINO DE MATERIA
Término de materia o nombre geográfico como elemento de entrada Figura humana
Subdivisión general En la pintura
9 (RLIN) 3455
650 14 - PUNTO DE ACCESO ADICIONAL DE MATERIA--TÉRMINO DE MATERIA
Término de materia o nombre geográfico como elemento de entrada Pintura barroca
Subdivisión cronológica Siglo XVII
Subdivisión geográfica Nueva Granada (Colombia)
9 (RLIN) 3456
700 1# - PUNTO DE ACCESO ADICIONAL--NOMBRE DE PERSONA
Nombre de persona Toquica Clavijo, María Costanza
9 (RLIN) 3457
740 0# - PUNTO DE ACCESO ADICIONAL--TÍTULO RELACIONADO O ANALÍTICO NO CONTROLADO
Título relacionado o analítico no controlado Las visiones de Jerónima : encarnados de amor místico
942 ## - ELEMENTOS DE PUNTO DE ACCESO ADICIONAL (KOHA)
Fuente del sistema de clasificación o colocación Library of Congress Classification
Tipo de ítem Koha Libros
Holdings
Estado de retiro Estado de pérdida Estado dañado No para préstamo Localización permanente Ubicación/localización actual Fecha de adquisición Total de préstamos Signatura topográfica completa Código de barras Fecha visto por última vez Precio válido a partir de Tipo de ítem Koha
El ejemplar forma parte de la colección y puede ser consultado según las políticas vigentes.       Biblioteca del Museo Franz Mayer (Rogerio Casas-Alatriste) Biblioteca del Museo Franz Mayer (Rogerio Casas-Alatriste) 26/06/2008   ND1293 .B67 1990 01534 22/03/2019 22/03/2019 Libros